Zákony VI/2016 zborník úplných znení zákonov a súvisiacich predpisov k 1.1.2016 z oblasti životného prostredia

Salvato in:
Dettagli Bibliografici
Natura: Libro
Lingua:slovacco
Pubblicazione: Žilina Poradca 2016
Soggetti:
Tags: Aggiungi Tag
Nessun Tag, puoi essere il primo ad aggiungerne!!

MARC

LEADER 00000nam a2200000 4500
001 0212668
005 20230109073234.0
022 |a 1335-6127 
041 0 |a slo 
044 |a SK 
245 1 0 |a Zákony VI/2016  |b zborník úplných znení zákonov a súvisiacich predpisov k 1.1.2016 z oblasti životného prostredia 
264 1 |a Žilina  |b Poradca  |c 2016 
300 |a 784 s. 
610 2 0 |a predpisy právne 
610 2 0 |a legislatíva 
610 2 0 |a prostredie životné 
610 2 0 |a vzduch 
610 2 0 |a voda 
610 2 0 |a lesy 
610 2 0 |a odpad 
610 2 0 |a ochrana prírody 
610 2 0 |a Slovensko